000 00489nam a2200181Ia 4500
001 19884
005 20260306172725.0
008 260306t2011||||xx |||||||||||||| ||spa||
041 _aESP
082 _a341.4
_bA34
100 _aAlarcón Cabrera, Carlos (coord.)
_eAUT
245 0 _aInterpretación y argumentación jurídica:
_bproblemas y perspectivas actuales
260 _c2011
300 _a500 páginas :
_c24 cm.
650 _aGEN
654 _aCDE
942 _cLIB
_dJUS
_fJUS
_2ddc
_n
999 _c19884
_d19884